• 首页
  • 本馆介绍
  • 公告通知
  • 最新文献
  • 馆藏检索
  • 电子资源
  • 读者导购
  • 参考咨询
  • 我的图书馆
  • 登录
  • 详细信息显示
  • 放入我的书架
  • 预约/预借图书
  • 作者相关作品
  • 分类相关作品
  • 丛书相关作品
  • 出版社相关作品

书目信息

  • 表格格式
  • 工作单格式
  • 卡片格式
题名:
我们是光荣的人民教师
    
 
作者: 郭凡 词 ;姚思源 , 张棣昌 配伴奏
分册:  
出版信息: 北京   人民音乐出版社  1975
页数: 2页
开本: 26cm
丛书名:
单 册:
中图分类: J652.1
科图分类:
主题词: 革命歌曲--乐谱--中国 , 外国音乐--作品 , 音乐--各国--作品
电子资源:
ISBN:
000 00785nam0 2200265 45
001 0175003317
005 20060529154733.21
010    @dCNY0.09
100    @a19951005d1975 em y0chiy0121 ea
101 0  @achi
102    @aCN@b110000
105    @ag z 000yy
200 10 @a我们是光荣的人民教师@Awo men shi guang rong de ren min jiao shi@e革命歌曲@e正谱本@f郭凡词@Fguo fan ci@g张棣昌曲@g姚思源配伴奏
210    @a北京@c人民音乐出版社@d1975
215    @a2页@d26cm
606    @a革命歌曲@x乐谱@y中国
606 0  @a外国音乐@x作品
606 0  @a音乐@y各国@x作品
690    @aJ652.1@v3
701  0 @a郭凡@Aguo fan@4词
702  0 @a姚思源@Ayao si yuan@4配伴奏
702  0 @a张棣昌@Azhang di chang@4曲
801  2 @aCN@bNLC@c20060529
801  0 @aCN@bTSSF
905    @a10447@dJ652.1@e10
    
    我们是光荣的人民教师:革命歌曲:正谱本/郭凡词/张棣昌曲/姚思源配伴奏.-北京:人民音乐出版社,1975
    2页;26cm
    
    
    ISBN :CNY0.09
    
●
相关链接 在E读中查询图书 在五车中查询图书 在当当中查询图书 在豆瓣中查询图书


正题名:我们是光荣的人民教师     索取号:J652.1/10         预约/预借

序号 登录号 条形码 馆藏地/架位号 状态 备注
1 0003742   202376106   密集书库/ [索取号:J652.1/10] 在馆    
唐山师范学院图书馆 欢迎您!
大连网信软件有限公司© 版权所有